[Event "58th Hastings it"]
[Site "Hastings ENG"]
[Date "1982.12.28"]
[Round "1"]
[White "Gurevich, Dmitry"]
[WhiteTitle "IM"]
[WhiteElo "2510"]
[Black "Plaskett, Harold James"]
[BlackTitle "IM"]
[BlackElo "2430"]
[Result "0-1"]
[PlyCount "76"]
[EventDate "1982.12.28"]

1. d4 e6 2. c4 b6 3. Nc3 Bb7 4. Nf3 Nf6 5. g3 Bb4 6. Bg2 Bxc3+ 7. bxc3 O-O 8. O-O d6 9. a4 Nbd7 10. a5 Qe7 11. a6 Be4 12. Qd2 c5 13. Qe3 Rac8 14. Ba3 Nb8 15. g4 Ba8 16. g5 Nfd7 17. Bc1 Rfe8 18. Rd1 Nc6 19. Qd3 cxd4 20. cxd4 Na5 21. Ra4 Bc6 22. Ra2 Nxc4 23. Qxc4 Bxf3 24. Qxc8 Rxc8 25. exf3 d5 26. f4 Nf8 27. Be3 Ng6 28. Raa1 h6 29. Rdc1 Rxc1+ 30. Rxc1 hxg5 31. Rc8+ Kh7 32. fxg5 Nh4 33. Bf1 e5 34. Rb8 exd4 35. Bd3+ g6 36. Rb7 Qe6 37. Kf1 dxe3 38. Rxa7 Qg4 {Source: bulletin} 0-1

[Event "58th Hastings it"]
[Site "Hastings ENG"]
[Date "1982.12.28"]
[Round "1"]
[White "Hebden, Mark"]
[WhiteElo "2415"]
[Black "Mestel, Andrew Jonathan"]
[BlackTitle "IM"]
[BlackElo "2540"]
[Result "1-0"]
[PlyCount "119"]
[EventDate "1982.12.28"]

1. e4 Nc6 2. d4 d6 3. Nf3 Bg4 4. Bb5 a6 5. Bxc6+ bxc6 6. h3 Bh5 7. Nc3 e6 8. Qd3 Be7 9. Ne2 Nf6 10. Nf4 Bxf3 11. Qxf3 O-O 12. O-O Nd7 13. Nd3 Bf6 14. Be3 e5 15. c3 a5 16. Qg4 Re8 17. Rfe1 Rb8 18. Rad1 g6 19. b3 h5 20. Qf3 Qe7 21. dxe5 Nxe5 22. Nxe5 Bxe5 23. Bd4 Qg5 24. Qd3 Bg7 25. Re3 h4 26. Rde1 Re7 27. Bxg7 Kxg7 28. e5 dxe5 29. Qa6 Rd8 30. Qxa5 Rd2 31. a4 Qf6 32. R3e2 Rxe2 33. Rxe2 Qd6 34. Re1 Qd2 35. Rf1 Qc2 36. Qb4 Rd7 37. a5 Qa2 38. c4 f6 39. Qc3 c5 40. Qa1 Qxa1 41. Rxa1 c6 42. Kf1 Kf7 43. Ke2 Ke7 44. Ke3 f5 45. a6 Ra7 46. Ra5 Kd6 47. g3 Kc7 48. Rxc5 Rxa6 49. Rxe5 hxg3 50. fxg3 Ra3 51. Kf4 Rxb3 52. Re7+ Kb6 53. Rg7 Rb1 54. Rxg6 Rf1+ 55. Ke5 Kc5 56. h4 f4 57. gxf4 Rh1 58. f5 Rxh4 59. f6 Rh1 60. Rg4 1-0

[Event "58th Hastings it"]
[Site "Hastings ENG"]
[Date "1982.12.28"]
[Round "1"]
[White "Lein, Anatoly"]
[WhiteTitle "GM"]
[WhiteElo "2480"]
[Black "Farago, Ivan"]
[BlackTitle "GM"]
[BlackElo "2490"]
[Result "1/2-1/2"]
[PlyCount "68"]
[EventDate "1982.12.28"]

1. d4 Nf6 2. c4 e6 3. Nf3 d5 4. Nc3 c5 5. cxd5 Nxd5 6. e3 Nc6 7. Bd3 Be7 8. O-O O-O 9. Re1 b6 10. Be4 Nxc3 11. bxc3 Bb7 12. Qc2 g6 13. Rd1 cxd4 14. exd4 Qc7 15. h4 Rac8 16. Qe2 Bf6 17. Bh6 Rfe8 18. Rac1 Na5 19. Bxb7 Nxb7 20. c4 Na5 21. c5 Qb7 22. Rb1 Qd5 23. cxb6 axb6 24. Rxb6 Nc4 25. Rb3 Nd6 26. Bf4 Ne4 27. Re1 Nc3 28. Qd2 Nb5 29. Be5 Be7 30. Qd3 Na7 31. Reb1 Nc6 32. Qe2 Ra8 33. R1b2 Rxa2 34. Rxa2 Qxb3 1/2-1/2

[Event "58th Hastings it"]
[Site "Hastings ENG"]
[Date "1982.12.28"]
[Round "1"]
[White "Littlewood, Paul Edwin"]
[WhiteTitle "IM"]
[WhiteElo "2465"]
[Black "Henley, Ron"]
[BlackTitle "IM"]
[BlackElo "2525"]
[Result "1/2-1/2"]
[PlyCount "146"]
[EventDate "1982.12.28"]

1. d4 Nf6 2. c4 e6 3. Nf3 Bb4+ 4. Bd2 a5 5. Qc2 d5 6. e3 Nc6 7. a3 Bxd2+ 8. Nbxd2 Bd7 9. Bd3 h6 10. O-O O-O 11. Rad1 a4 12. e4 dxe4 13. Nxe4 Nxe4 14. Bxe4 Qc8 15. Rfe1 Rd8 16. d5 Ne7 17. Bh7+ Kf8 18. Qc3 Ra6 19. Ne5 Be8 20. Qb4 Rb6 21. Qc5 Rbd6 22. Rd3 b6 23. Qb4 f6 24. dxe6 c5 25. Qc3 Rxe6 26. Nf3 Rxd3 27. Bxd3 Bc6 28. Bf1 Rxe1 29. Nxe1 Nf5 30. Nc2 Qe6 31. Qd2 Qd6 32. Qxd6+ Nxd6 33. f3 Ke7 34. Kf2 Ke6 35. Bd3 Ke5 36. Ke3 g5 37. g3 Nf5+ 38. Bxf5 Kxf5 39. g4+ Ke5 40. Ne1 f5 41. Nd3+ Ke6 42. gxf5+ Kxf5 43. Nf2 h5 44. Nd1 g4 45. fxg4+ Kxg4 46. Nf2+ Kh4 47. Kf4 Be8 48. Ke5 Bf7 49. Kd6 Bxc4 50. Kc6 b5 51. Kxc5 Kg5 52. Ne4+ Kg4 53. Nf6+ Kg5 54. Ne4+ Kg4 55. Nf6+ Kh4 56. Kd4 Kg5 57. Ke5 Be2 58. Nd5 Kg4 59. Nf4 Bf3 60. Ne6 h4 61. Nd4 Bd1 62. Kf6 Kf4 63. Nxb5 Kf3 64. Nd4+ Kg2 65. h3 Kxh3 66. Kg5 Bg4 67. Kf4 Bc8 68. Nf3 Bb7 69. Nxh4 Kxh4 70. Ke5 Kg5 71. Kd4 Kf5 72. Kc4 Bf3 73. b4 axb3 1/2-1/2

[Event "58th Hastings it"]
[Site "Hastings ENG"]
[Date "1982.12.28"]
[Round "1"]
[White "Murey, Yaacov"]
[WhiteTitle "IM"]
[WhiteElo "2500"]
[Black "Kovacevic, Vlatko"]
[BlackTitle "GM"]
[BlackElo "2560"]
[Result "1-0"]
[PlyCount "75"]
[EventDate "1982.12.28"]

1. e4 Nf6 2. e5 Nd5 3. d4 d6 4. c4 Nb6 5. f4 dxe5 6. fxe5 Nc6 7. Be3 Bf5 8. Nc3 e6 9. Nf3 Be7 10. d5 exd5 11. Bxb6 axb6 12. cxd5 Nb4 13. Nd4 Bg6 14. d6 Bh4+ 15. g3 O-O 16. a3 c5 17. Nf3 Nc2+ 18. Kf2 Bg5 19. Bd3 Nxa1 20. Bxg6 hxg6 21. Qxa1 Bh6 22. Qa2 Qd7 23. Qd5 Qf5 24. Re1 g5 25. Kg2 g4 26. Nh4 Qd7 27. Rf1 Rfe8 28. Nf5 Qc6 29. Ne7+ Rxe7 30. dxe7 Re8 31. Qxc6 bxc6 32. Na4 Rxe7 33. Nxb6 Rxe5 34. a4 Re4 35. a5 Rb4 36. Ra1 Rxb2+ 37. Kh1 Rb4 38. a6 {Sources: CHESS, January 1983, Vol.47/891-2, p228; BCM, March 1983, p83; Informator 35/150} 1-0

[Event "58th Hastings it"]
[Site "Hastings ENG"]
[Date "1982.12.28"]
[Round "1"]
[White "Short, Nigel David"]
[WhiteTitle "IM"]
[WhiteElo "2485"]
[Black "Ftacnik, Lubomir"]
[BlackTitle "GM"]
[BlackElo "2535"]
[Result "1-0"]
[PlyCount "105"]
[EventDate "1982.12.28"]

1. e4 c5 2. Nf3 d6 3. d4 Nf6 4. Nc3 cxd4 5. Nxd4 a6 6. Be2 e6 7. a4 Be7 8. O-O O-O 9. Be3 Qc7 10. a5 Nbd7 11. Nb3 b5 12. axb6 Nxb6 13. Qd4 Nfd7 14. Rfd1 Re8 15. Ra2 d5 16. exd5 Bd6 17. h3 Bb7 18. dxe6 Rxe6 19. Na5 Bc8 20. Ne4 Be5 21. Qd3 h6 22. b4 Rb8 23. Kh1 Kh8 24. Bg4 Re7 25. Nd6 Nf6 26. Bxb6 Qxb6 27. Nxc8 Nxg4 28. Qd8+ Qxd8 29. Rxd8+ Kh7 30. hxg4 Rc7 31. Rd5 f6 32. Nd6 Rxb4 33. Rxe5 fxe5 34. f3 h5 35. gxh5 Rh4+ 36. Kg1 Rxh5 37. c4 Rh6 38. Ne4 Rb6 39. c5 Rb4 40. Rc2 Ra4 41. Nc4 Ra1+ 42. Kf2 a5 43. Nxe5 a4 44. c6 a3 45. Nc3 Rc8 46. f4 Rb8 47. Kg3 Re1 48. Kg4 Ra1 49. g3 g6 50. Rd2 Rc1 51. Ne4 Rf8 52. Rd7+ Kg8 53. Ra7 {Sources: CHESS, January 1983, Vol.47/891-2, p229; (moves 25-34) BCM, March 1983, p85; Informator 35/321} 1-0

[Event "58th Hastings it"]
[Site "Hastings ENG"]
[Date "1982.12.29"]
[Round "2"]
[White "Farago, Ivan"]
[WhiteTitle "GM"]
[WhiteElo "2490"]
[Black "Short, Nigel David"]
[BlackTitle "IM"]
[BlackElo "2485"]
[Result "1/2-1/2"]
[PlyCount "36"]
[EventDate "1982.12.28"]

1. d4 e6 2. c4 Bb4+ 3. Bd2 a5 4. Nf3 Nf6 5. g3 b6 6. Bg2 Bb7 7. O-O O-O 8. Bf4 Be7 9. Nc3 Ne4 10. Nxe4 Bxe4 11. Qd2 d6 12. Qe3 Bb7 13. Qd3 Nc6 14. e4 d5 15. exd5 exd5 16. Ne5 dxc4 17. Qxc4 Nxe5 18. Bxe5 Bxg2 1/2-1/2

[Event "58th Hastings it"]
[Site "Hastings ENG"]
[Date "1982.12.29"]
[Round "2"]
[White "Henley, Ron"]
[WhiteTitle "IM"]
[WhiteElo "2525"]
[Black "Tukmakov, Vladimir"]
[BlackTitle "GM"]
[BlackElo "2555"]
[Result "0-1"]
[PlyCount "86"]
[EventDate "1982.12.28"]

1. d4 Nf6 2. c4 g6 3. Nc3 d5 4. Nf3 Bg7 5. cxd5 Nxd5 6. Qb3 Nxc3 7. bxc3 O-O 8. Ba3 Nd7 9. e3 c5 10. Be2 b6 11. O-O Nf6 12. Rfd1 Qc7 13. Rac1 Bb7 14. Bb2 Rfd8 15. a4 Rac8 16. Nd2 Ne4 17. Nxe4 Bxe4 18. Bc4 e6 19. Ba3 Bf8 20. Ba6 Rb8 21. Ra1 Bc6 22. Bb5 Ba8 23. Bf1 Rd5 24. c4 Rh5 25. h3 cxd4 26. Bxf8 Rxf8 27. exd4 Ra5 28. Qb4 Rd8 29. Rd2 Bc6 30. Ra3 Qf4 31. c5 Rxc5 32. dxc5 Qxb4 33. Rxd8+ Kg7 34. Rad3 bxc5 35. R3d6 Bxa4 36. Ra6 c4 37. Rxa7 c3 38. Rc8 c2 39. Rcc7 Kh6 40. g3 Qb6 41. Rxf7 c1=Q 42. Rxh7+ Kg5 43. Raf7 e5 0-1

[Event "58th Hastings it"]
[Site "Hastings ENG"]
[Date "1982.12.29"]
[Round "2"]
[White "Murey, Yaacov"]
[WhiteTitle "IM"]
[WhiteElo "2500"]
[Black "Gurevich, Dmitry"]
[BlackTitle "IM"]
[BlackElo "2510"]
[Result "0-1"]
[PlyCount "62"]
[EventDate "1982.12.28"]

1. d4 Nf6 2. c4 c5 3. d5 b5 4. cxb5 a6 5. bxa6 Bxa6 6. Nc3 d6 7. f4 g6 8. Nf3 Bg7 9. e4 O-O 10. e5 dxe5 11. fxe5 Ng4 12. Bf4 Bxf1 13. Rxf1 Nd7 14. Qe2 Qb8 15. O-O-O Qb4 16. g3 Rfb8 17. Rd2 Nb6 18. e6 f5 19. Bxb8 Nc4 20. d6 Bxc3 21. dxe7 Bxd2+ 22. Qxd2 Qxb8 23. Qc3 Rxa2 24. e8=Q+ Qxe8 25. Qxc4 Ra4 26. Qd3 Qxe6 27. Kd2 Nxh2 28. Qd8+ Kg7 29. Qc7+ Kh6 30. Rh1 Qd5+ 31. Kc2 Rc4+ {Sources: CHESS, January 1983, Vol.47/891-2, p230; BCM, March 1983, p89; Informator 35/103} 0-1

[Event "58th Hastings it"]
[Site "Hastings ENG"]
[Date "1982.12.29"]
[Round "2"]
[White "Plaskett, Harold James"]
[WhiteTitle "IM"]
[WhiteElo "2430"]
[Black "Hebden, Mark"]
[BlackElo "2415"]
[Result "0-1"]
[PlyCount "90"]
[EventDate "1982.12.28"]

1. d4 Nf6 2. c4 c5 3. d5 b5 4. Bg5 Ne4 5. Bf4 Qa5+ 6. Nd2 bxc4 7. f3 Nf6 8. e4 Ba6 9. Ne2 g6 10. Nc3 Bg7 11. g4 d6 12. Bxc4 Nfd7 13. O-O Ne5 14. Bxe5 Bxe5 15. Qe2 O-O 16. f4 Bxc3 17. bxc3 Qxc3 18. Rac1 Qb2 19. Qd3 Bc8 20. Rb1 Qg7 21. a4 a5 22. Rb6 Nd7 23. Rc6 g5 24. Bb5 Ra7 25. e5 gxf4 26. Qf5 Nb6 27. Qe4 Bxg4 28. Kh1 Nd7 29. exd6 exd6 30. Rxd6 Ne5 31. Qxf4 f5 32. Re6 Ng6 33. Qc4 Kh8 34. Qxc5 f4 35. Re4 Bh3 36. Rfe1 Bg2+ 37. Kg1 Bxe4 38. Rxe4 Ne5+ 39. Kh1 Rc7 40. Qd4 Rc1+ 41. Nf1 Ng4 42. Qxg7+ Kxg7 43. Kg2 h5 44. d6 Rc2+ 45. Kg1 f3 {Source: BCM, March 1983, p89} 0-1

[Event "58th Hastings it"]
[Site "Hastings ENG"]
[Date "1982.12.30"]
[Round "3"]
[White "Ftacnik, Lubomir"]
[WhiteTitle "GM"]
[WhiteElo "2535"]
[Black "Farago, Ivan"]
[BlackTitle "GM"]
[BlackElo "2490"]
[Result "1/2-1/2"]
[PlyCount "125"]
[EventDate "1982.12.28"]

1. Nf3 Nf6 2. c4 c5 3. g3 d5 4. cxd5 Nxd5 5. Bg2 Nc6 6. d4 cxd4 7. Nxd4 Ndb4 8. Nxc6 Qxd1+ 9. Kxd1 Nxc6 10. Bxc6+ bxc6 11. Be3 e5 12. Nd2 Be6 13. Kc2 Bb4 14. Rhd1 a5 15. a3 Be7 16. b3 O-O 17. Rdc1 Rab8 18. Kb2 Bf6 19. Kc2 Rfd8 20. f3 e4 21. Rab1 exf3 22. exf3 Bf5+ 23. Ne4 Re8 24. Kd3 Rbd8+ 25. Ke2 Bxe4 26. fxe4 Rxe4 27. Kf3 Re6 28. Rd1 Rde8 29. Bf2 h5 30. Re1 Be5 31. Rbd1 h4 32. Rd3 Rf6+ 33. Kg2 h3+ 34. Kg1 Rfe6 35. g4 Rg6 36. Rxh3 Rxg4+ 37. Kf1 f6 38. Rd3 Rb8 39. h3 Rf4 40. Kg2 Rf5 41. Re2 Bf4 42. Re4 Bh6 43. Rc4 Rd5 44. Rf3 Rdb5 45. b4 axb4 46. axb4 Rxb4 47. Rxb4 Rxb4 48. Rc3 Bf4 49. Rxc6 Rb3 50. Rc4 Be5 51. Re4 Kf7 52. Re2 Rd3 53. Re4 Ke6 54. Re3 Rd2 55. Kf3 g5 56. Re2 Rd8 57. h4 Rd3+ 58. Kg4 gxh4 59. Kxh4 f5 60. Be3 Bf6+ 61. Bg5+ Kf7 62. Bxf6 Kxf6 63. Re1 1/2-1/2

[Event "58th Hastings it"]
[Site "Hastings ENG"]
[Date "1982.12.30"]
[Round "3"]
[White "Gurevich, Dmitry"]
[WhiteTitle "IM"]
[WhiteElo "2510"]
[Black "Kovacevic, Vlatko"]
[BlackTitle "GM"]
[BlackElo "2560"]
[Result "0-1"]
[PlyCount "53"]
[EventDate "1982.12.28"]

1. d4 d5 2. c4 dxc4 3. e4 Nc6 4. Be3 Nf6 5. Nc3 Ng4 6. Bxc4 Nxe3 7. fxe3 e5 8. Qh5 g6 9. Qf3 f6 10. Nge2 Na5 11. Bb5+ c6 12. dxe5 fxe5 13. O-O Be6 14. Rad1 Qg5 15. Rd5 Bh6 16. Nf4 Bxd5 17. Nfxd5 Rf8 18. Qh3 Rxf1+ 19. Kxf1 Kf7 20. b4 cxd5 21. Nxd5 Nc6 22. Qd7+ Kg8 23. Bc4 Kh8 24. Qxb7 Rf8+ 25. Kg1 Nd4 26. Qc7 Nf3+ 27. Kh1 {Source: CHESS, January 1983, Vol.47/891-2, p231; Informator 35/476} 0-1

[Event "58th Hastings it"]
[Site "Hastings ENG"]
[Date "1982.12.30"]
[Round "3"]
[White "Hebden, Mark"]
[WhiteElo "2415"]
[Black "Murey, Yaacov"]
[BlackTitle "IM"]
[BlackElo "2500"]
[Result "0-1"]
[PlyCount "80"]
[EventDate "1982.12.28"]

1. e4 c5 2. f4 Nc6 3. Nf3 Nf6 4. Nc3 d5 5. e5 Ne4 6. Bb5 Nxc3 7. dxc3 Bf5 8. Nh4 Be4 9. e6 fxe6 10. Qh5+ Kd7 11. Bd3 Bxd3 12. cxd3 Qe8 13. Qg4 g6 14. O-O Bg7 15. Bd2 Qf7 16. Rae1 Raf8 17. a3 a5 18. Rc1 Rhg8 19. Qh3 a4 20. Rce1 Kc7 21. g3 Nd8 22. Qg4 Qe8 23. Nf3 Qb5 24. Be3 Bf6 25. d4 Qxb2 26. dxc5 Qxc3 27. f5 gxf5 28. Qxa4 Nc6 29. Qb5 Ra8 30. Bd2 Qb2 31. Bb4 Ra6 32. Re2 Qb3 33. Rxe6 Nxb4 34. Rxa6 Qe3+ 35. Kg2 Nxa6 36. c6 Qb6 37. Qxd5 Rd8 38. Qxf5 Qxc6 39. Rf2 Kb8 40. Qxh7 Rc8 {Source: bulletin} 0-1

[Event "58th Hastings it"]
[Site "Hastings ENG"]
[Date "1982.12.30"]
[Round "3"]
[White "Lein, Anatoly"]
[WhiteTitle "GM"]
[WhiteElo "2480"]
[Black "Henley, Ron"]
[BlackTitle "IM"]
[BlackElo "2525"]
[Result "1/2-1/2"]
[PlyCount "52"]
[EventDate "1982.12.28"]

1. d4 Nf6 2. c4 e6 3. Nf3 Bb4+ 4. Bd2 Qe7 5. g3 Nc6 6. Bg2 Bxd2+ 7. Nbxd2 d6 8. O-O a5 9. e4 e5 10. d5 Nb8 11. Ne1 h5 12. h3 h4 13. g4 Nbd7 14. Nd3 g5 15. Re1 Nc5 16. Nxc5 dxc5 17. Nf1 Kd8 18. b3 Ne8 19. Ne3 Rh6 20. Qd2 Rb6 21. Rab1 a4 22. Qc3 f6 23. Nc2 axb3 24. axb3 Rba6 25. Qe3 Ra2 26. Rec1 b6 1/2-1/2

[Event "58th Hastings it"]
[Site "Hastings ENG"]
[Date "1982.12.30"]
[Round "3"]
[White "Littlewood, Paul Edwin"]
[WhiteTitle "IM"]
[WhiteElo "2465"]
[Black "Plaskett, Harold James"]
[BlackTitle "IM"]
[BlackElo "2430"]
[Result "1/2-1/2"]
[PlyCount "113"]
[EventDate "1982.12.28"]

1. c4 b6 2. d4 Bb7 3. d5 e6 4. a3 g6 5. e4 Bg7 6. Nf3 Ne7 7. Nc3 O-O 8. h4 Na6 9. h5 Nc5 10. hxg6 Nxg6 11. Bd3 f5 12. exf5 exf5 13. Kf1 Qe7 14. Bg5 Bf6 15. Rh5 Bxg5 16. Rxg5 Ne4 17. Rh5 Rae8 18. Qc2 Nf4 19. Rh4 Ng6 20. Rh1 Nxc3 21. Qxc3 Nf4 22. Re1 Qf7 23. Rxe8 Rxe8 24. Rh4 Nxd3 25. Qxd3 Qf6 26. Kg1 d6 27. Qd4 Qxd4 28. Nxd4 Bc8 29. Kf1 Bd7 30. Rf4 Re5 31. b3 Kg7 32. a4 a6 33. Nf3 Re7 34. Rd4 Kf6 35. Rd2 Re4 36. Re2 h6 37. Ke1 Bc8 38. Kd2 Bd7 39. Rxe4 fxe4 40. Ne1 Ke5 41. Ke3 c6 42. f4+ exf3 43. Nxf3+ Kf6 44. Kf4 cxd5 45. cxd5 Bf5 46. b4 Bd3 47. Nd4 h5 48. a5 bxa5 49. bxa5 Bc4 50. Nf5 Bxd5 51. Nxd6 Bxg2 52. Ne8+ Kg6 53. Nc7 Bb7 54. Ne6 Kf6 55. Nc5 Bc8 56. Nd3 h4 57. Nb4 1/2-1/2

[Event "58th Hastings it"]
[Site "Hastings ENG"]
[Date "1982.12.30"]
[Round "3"]
[White "Short, Nigel David"]
[WhiteTitle "IM"]
[WhiteElo "2485"]
[Black "Vaganian, Rafael"]
[BlackTitle "GM"]
[BlackElo "2550"]
[Result "0-1"]
[PlyCount "108"]
[EventDate "1982.12.28"]

1. e4 e6 2. d4 d5 3. Nd2 c5 4. exd5 exd5 5. Ngf3 Nc6 6. Bb5 Bd6 7. dxc5 Bxc5 8. O-O Nge7 9. Nb3 Bd6 10. Re1 O-O 11. Bg5 Bg4 12. Be2 h6 13. Bh4 Re8 14. c3 Qb6 15. Nfd4 Bxe2 16. Rxe2 Nxd4 17. Nxd4 Nc6 18. Nf5 Bf8 19. Bg3 d4 20. Nxd4 Nxd4 21. cxd4 Rxe2 22. Qxe2 Qxd4 23. Be5 Qd5 24. Bc3 Rd8 25. a3 Rd6 26. Re1 Rg6 27. Qe4 Qc6 28. Qxc6 Rxc6 29. Re3 Bc5 30. Rd3 Rd6 31. Rxd6 Bxd6 32. Kf1 f6 33. Ke2 Kf7 34. h3 Ke6 35. a4 Be5 36. Kd3 Bxc3 37. Kxc3 Kd5 38. Kd3 Kc5 39. Kc3 a5 40. b3 h5 41. g3 g5 42. g4 h4 43. f3 Kd5 44. b4 Ke5 45. bxa5 Kf4 46. Kd4 Kxf3 47. Kc5 Kg3 48. Kb6 Kxh3 49. Kxb7 Kxg4 50. a6 h3 51. a7 h2 52. a8=Q h1=Q+ 53. Kb8 Qxa8+ 54. Kxa8 f5 0-1

[Event "58th Hastings it"]
[Site "Hastings ENG"]
[Date "1982.12.30"]
[Round "3"]
[White "Tukmakov, Vladimir"]
[WhiteTitle "GM"]
[WhiteElo "2555"]
[Black "Mestel, Andrew Jonathan"]
[BlackTitle "IM"]
[BlackElo "2540"]
[Result "1/2-1/2"]
[PlyCount "126"]
[EventDate "1982.12.28"]

1. d4 d6 2. c4 g6 3. Nc3 Bg7 4. e4 e5 5. dxe5 dxe5 6. Qxd8+ Kxd8 7. f4 Nc6 8. Nf3 Nd4 9. Bd3 Nxf3+ 10. gxf3 Ne7 11. fxe5 Bxe5 12. Be3 Bd7 13. O-O-O Kc8 14. f4 Bg7 15. Rhe1 Re8 16. Bf1 Be6 17. Kc2 c6 18. b3 b6 19. a4 Kc7 20. c5 Rad8 21. b4 Rxd1 22. Rxd1 Bg4 23. Rd3 Nc8 24. Bg2 Be6 25. Rd2 Bf5 26. cxb6+ axb6 27. Bd4 Bxd4 28. Rxd4 Bd7 29. b5 Rd8 30. bxc6 Bxc6 31. Rc4 Kb7 32. Bf1 f6 33. Rb4 Re8 34. Bd3 Nd6 35. h4 Kc7 36. Nb5+ Nxb5 37. axb5 Bb7 38. Rc4+ Kd6 39. Rd4+ Ke7 40. Kc3 Ra8 41. Bc4 Re8 42. Kd3 Rd8 43. Bd5 Bxd5 44. exd5 Ra8 45. Re4+ Kd7 46. Re6 Ra3+ 47. Kc2 Ra5 48. Rxb6 Kc7 49. Rc6+ Kd7 50. Kc3 Rxb5 51. Kc4 Rb1 52. Rxf6 Rc1+ 53. Kd4 Rd1+ 54. Ke4 Re1+ 55. Kf3 Rd1 56. Rf7+ Ke8 57. Rxh7 Rxd5 58. Ke4 Ra5 59. Rg7 Rh5 60. Rxg6 Rxh4 61. Ke5 Kf7 62. Ra6 Rh1 63. Ra7+ Kf8 1/2-1/2

[Event "58th Hastings it"]
[Site "Hastings ENG"]
[Date "1982.12.31"]
[Round "4"]
[White "Henley, Ron"]
[WhiteTitle "IM"]
[WhiteElo "2525"]
[Black "Short, Nigel David"]
[BlackTitle "IM"]
[BlackElo "2485"]
[Result "1-0"]
[PlyCount "117"]
[EventDate "1982.12.28"]

1. d4 Nf6 2. c4 e6 3. Nc3 Bb4 4. Qc2 O-O 5. a3 Bxc3+ 6. Qxc3 d6 7. Nf3 Nbd7 8. b4 b6 9. Bb2 Bb7 10. e3 Qe7 11. Rc1 c5 12. dxc5 bxc5 13. Be2 e5 14. O-O Ne4 15. Qc2 f5 16. Nd2 Ng5 17. Rce1 f4 18. exf4 Rxf4 19. f3 Raf8 20. Bd3 h5 21. Ne4 Ne6 22. Ng3 h4 23. Nf5 Qg5 24. Nxd6 Bxf3 25. Bc1 Nd4 26. Bxf4 Rxf4 27. Bh7+ Kh8 28. Qg6 Ne2+ 29. Rxe2 Bxe2 30. Rxf4 Qxg6 31. Bxg6 exf4 32. Bf5 cxb4 33. axb4 Ne5 34. c5 h3 35. Bxh3 g5 36. Bf5 f3 37. b5 fxg2 38. Be4 Nc4 39. Nf7+ Kg7 40. Nxg5 Ne5 41. Ne6+ Kf6 42. Nd4 Bc4 43. Kxg2 Nd7 44. c6 Nb6 45. Kf3 Na8 46. Ke3 Nc7 47. Bd3 Bf7 48. Nf3 Bh5 49. Be2 Bg6 50. Bc4 Bc2 51. Nd4 Bd1 52. Be2 Ba4 53. Ke4 Ne6 54. Kd5 Nf4+ 55. Kd6 Nxe2 56. c7 Nxd4 57. c8=Q Nxb5+ 58. Kc5 Nc3 59. Qh8+ 1-0

[Event "58th Hastings it"]
[Site "Hastings ENG"]
[Date "1982.12.31"]
[Round "4"]
[White "Kovacevic, Vlatko"]
[WhiteTitle "GM"]
[WhiteElo "2560"]
[Black "Farago, Ivan"]
[BlackTitle "GM"]
[BlackElo "2490"]
[Result "1-0"]
[PlyCount "113"]
[EventDate "1982.12.28"]

1. d4 e6 2. Nf3 c5 3. e3 Nf6 4. Bd3 d5 5. b3 Nc6 6. O-O Be7 7. Bb2 O-O 8. Nbd2 cxd4 9. exd4 b6 10. Re1 Bb7 11. a3 Rc8 12. Re3 Ng4 13. Re2 Qc7 14. Qf1 Nb8 15. g3 Nf6 16. Rc1 Nbd7 17. Qh3 h6 18. Nh4 Nh7 19. f4 Bxh4 20. Qxh4 Nhf6 21. Qh3 Qd6 22. Qg2 Rc7 23. Qf3 Rfc8 24. g4 Ne4 25. Nxe4 dxe4 26. Bxe4 Bxe4 27. Qxe4 Nf6 28. Qf3 Nd5 29. f5 Nc3 30. Rd2 Na2 31. Ra1 Rxc2 32. Qd1 Rxd2 33. Qxd2 Qd5 34. Qd3 Nc3 35. Rc1 Qxb3 36. Rxc3 Rxc3 37. Qxc3 Qd1+ 38. Kf2 Qxg4 39. fxe6 fxe6 40. Qc7 Qf5+ 41. Ke3 Qd5 42. Bc3 Qg5+ 43. Qf4 Qg1+ 44. Kd2 Qg2+ 45. Kd3 Qh3+ 46. Qe3 Qf1+ 47. Qe2 Qf5+ 48. Qe4 Qh3+ 49. Kc4 Qf1+ 50. Kb3 Qb5+ 51. Bb4 Qd7 52. Qe5 Qf7 53. a4 Qd7 54. Bd6 a5 55. Ba3 Qc6 56. Bb2 Kf7 57. Qxg7+ {Source: CHESS, January 1983, Vol.47/891-2, p232; Informator 35/467} 1-0

[Event "58th Hastings it"]
[Site "Hastings ENG"]
[Date "1982.12.31"]
[Round "4"]
[White "Mestel, Andrew Jonathan"]
[WhiteTitle "IM"]
[WhiteElo "2540"]
[Black "Lein, Anatoly"]
[BlackTitle "GM"]
[BlackElo "2480"]
[Result "1-0"]
[PlyCount "73"]
[EventDate "1982.12.28"]

1. e4 g6 2. d4 Bg7 3. Nc3 d6 4. Nge2 Nc6 5. Be3 Nf6 6. h3 O-O 7. g3 e5 8. Bg2 exd4 9. Nxd4 Nxd4 10. Bxd4 Re8 11. O-O Bd7 12. Re1 c5 13. Be3 Bc6 14. Bf4 Qb6 15. Rb1 Re6 16. Nd5 Bxd5 17. exd5 Rxe1+ 18. Qxe1 Re8 19. Qd2 Nh5 20. Bg5 h6 21. Bxh6 Bxh6 22. Qxh6 c4 23. Kf1 c3 24. Bf3 Nf6 25. Qc1 Ne4 26. Bxe4 Rxe4 27. bxc3 Qa6+ 28. Kg1 b6 29. Qd1 Re5 30. Rb3 Qxa2 31. Kg2 Qa5 32. c4 Qc5 33. Qd3 a6 34. h4 b5 35. cxb5 Rxd5 36. Qf3 axb5 37. Rc3 1-0

[Event "58th Hastings it"]
[Site "Hastings ENG"]
[Date "1982.12.31"]
[Round "4"]
[White "Murey, Yaacov"]
[WhiteTitle "IM"]
[WhiteElo "2500"]
[Black "Littlewood, Paul Edwin"]
[BlackTitle "IM"]
[BlackElo "2465"]
[Result "1-0"]
[PlyCount "77"]
[EventDate "1982.12.28"]

1. c4 Nf6 2. Nc3 g6 3. e4 d6 4. d4 Bg7 5. f3 O-O 6. Be3 b6 7. Bd3 a6 8. Nge2 c5 9. e5 Ne8 10. Be4 Ra7 11. Qb3 Nd7 12. Rd1 cxd4 13. Nxd4 Nc5 14. Nc6 Nxb3 15. Nxd8 Nc5 16. Nc6 Rb7 17. Nd5 Be6 18. Ndxe7+ Kh8 19. exd6 Rd7 20. Nc8 Nxe4 21. fxe4 Bxc4 22. b3 Bb5 23. N6a7 Bc3+ 24. Kf2 Nf6 25. Bd4 Bxd4+ 26. Rxd4 Ng4+ 27. Kg3 Ne5 28. Rc1 Kg7 29. Nxb5 axb5 30. Nxb6 Rdd8 31. Rc5 Kf6 32. Rxb5 Ke6 33. d7 f5 34. exf5+ Rxf5 35. h4 g5 36. Re4 gxh4+ 37. Kh3 Kf6 38. Nd5+ Ke6 39. Ne3 {Sources: CHESS, January 1983, Vol.47/891-2, p231; (moves 1-23) BCM, March 1983, p87} 1-0

[Event "58th Hastings it"]
[Site "Hastings ENG"]
[Date "1982.12.31"]
[Round "4"]
[White "Plaskett, Harold James"]
[WhiteTitle "IM"]
[WhiteElo "2430"]
[Black "Tukmakov, Vladimir"]
[BlackTitle "GM"]
[BlackElo "2555"]
[Result "1/2-1/2"]
[PlyCount "131"]
[EventDate "1982.12.28"]

1. d4 Nf6 2. c4 g6 3. Nc3 d5 4. Nf3 Bg7 5. e3 O-O 6. b4 Be6 7. c5 Ne4 8. Bb2 Nd7 9. Qc2 Nxc3 10. Qxc3 c6 11. Be2 Bg4 12. Ne5 Nxe5 13. dxe5 Bxe2 14. Kxe2 Qd7 15. f3 f6 16. exf6 Bxf6 17. Qd2 Bxb2 18. Qxb2 Rae8 ({ChessBase gives} 18... Rad8) 19. Rad1 Qf5 20. Qb3 Rf7 21. Qd3 Qg5 22. Rdg1 e5 23. h4 Qf6 24. Qd2 e4 25. f4 Rd8 ({ChessBase gives} 25... a6) 26. Rd1 d4 27. exd4 e3 28. Qd3 Qxf4 29. Qxe3 Qg4+ 30. Kd3 Qxg2 31. Qe6 Kf8 32. Rhe1 Qb2 33. Rf1 Qxd4+ 34. Kc2 Rf2+ 35. Rxf2+ Qxf2+ 36. Kc1 Qf4+ 37. Kc2 Qf2+ 38. Kc1 Re8 39. Qd6+ Kg8 40. h5 Qxa2 41. Qd4 Qa3+ 42. Kb1 Qb3+ 43. Ka1 a5 44. h6 Qa3+ 45. Kb1 Qxb4+ 46. Qxb4 axb4 47. Rd7 Rb8 48. Kb2 Kh8 49. Kb3 g5 50. Kxb4 Ra8 51. Rd4 Rg8 52. Ka5 g4 53. Kb6 g3 54. Rd1 Rg6 55. Rd8+ Rg8 56. Rd1 g2 57. Rg1 Rg6 58. Kxb7 Kg8 59. Kc7 Kf8 60. Kd8 Rg5 61. Kd7 Rg6 62. Kd8 Rxh6 63. Rxg2 Rh5 64. Rc2 Rf5 65. Kd7 Rf6 66. Rd2 {Source: Informator 35/573} 1/2-1/2

[Event "58th Hastings it"]
[Site "Hastings ENG"]
[Date "1983.01.02"]
[Round "5"]
[White "Farago, Ivan"]
[WhiteTitle "GM"]
[WhiteElo "2490"]
[Black "Vaganian, Rafael"]
[BlackTitle "GM"]
[BlackElo "2550"]
[Result "0-1"]
[PlyCount "80"]
[EventDate "1982.12.28"]

1. d4 Nf6 2. c4 c5 3. d5 b5 4. cxb5 a6 5. e3 g6 6. Nc3 Bg7 7. a4 O-O 8. Bc4 e6 9. Nge2 axb5 10. Nxb5 exd5 11. Bxd5 Nc6 12. O-O Ba6 13. Ra3 Nxd5 14. Qxd5 Qe7 15. Rd3 Ne5 16. Rdd1 Rfb8 17. Nec3 Bb7 18. Qd6 Qxd6 19. Nxd6 Bc6 20. f4 Ng4 21. h3 Nh6 22. e4 Bd4+ 23. Kh2 f5 24. Ndb5 Bxc3 25. Nxc3 fxe4 26. g4 Nf7 27. Rfe1 Rb4 28. Re2 d6 29. f5 Bxa4 30. Rde1 Ne5 31. Nxe4 Nf3+ 32. Kg3 Nxe1 33. Rxe1 gxf5 34. gxf5 Bd7 35. Nxd6 Ra6 36. Ne4 Bxf5 37. Nxc5 Rg6+ 38. Kh2 Rc4 39. Nb3 Rc2+ 40. Kh1 Be6 {Sources: bulletin; Informator 35/101; CHESS, January 1983, Vol.47/891-2, p234} 0-1